Statistiques concernant Les plus gros transferts du football - Saison 2014-2015

Cliquez ici pour prendre le quiz!

Statistiques générales

  • Ce quiz a été pris 116 fois
  • Le résultat moyen est 8 sur 10

Statistiques - réponses

Montant de transfert (M €)NationalitéVenant deAllant àJoueur% Correct
81,72UruguayLiverpoolBarceloneLuis Suárez
100%
42,50ChiliBarceloneArsenalAlexis Sánchez
92%
49,50BrésilChelseaParis SGDavid Luiz
91%
75,00ColombieAS MonacoReal MadridJames Rodríguez
91%
75,00ArgentineReal MadridManchester UnitedÁngel Di María
90%
38,00Brésil / EspagneAtlético MadridChelseaDiego Costa
78%
35,36BelgiqueChelseaFC EvertonRomelu Lukaku
73%
45,00FranceFC PortoManchester CityEliaquim Mangala
66%
36,00EspagneAthleticManchester UnitedAnder Herrera
42%
37,50AngleterreSouthamptonManchester UnitedLuke Shaw
39%

Distribution des résultats

Percentile par nombre de réponses

% des personnes avec chaque résultat

Votre développement - résultats

Vous n’avez pas pris ce quiz